Statistiche per Secondi comuni italiani per numero d'abitanti/provincia

Clicka qui per fare il quiz!

Statistiche generali

  • Questo quiz è stato fatto 270 volte
    (216 dall'ultimo reset)
  • Il punteggio medio è 32 su 107

Statistiche sulle risposte

ProvinciaAbitantiComune% Corretto
Napoli123.839Giugliano in Campania
64%
Cagliari70.914Quartu Sant'Elena
63%
Bologna69.951Imola
62%
Milano81.822Sesto San Giovanni
61%
Barletta-Andria-Trani94.673Barletta
60%
Massa-Carrara62.737Carrara
59%
Modena71.060Carpi
58%
Forlì-Cesena96.589Cesena
58%
Pesaro e Urbino60.852Fano
54%
Rimini34.965Riccione
54%
Lucca62.343Viareggio
54%
Cremona34.410Crema
53%
Ascoli Piceno47.420San Benedetto del Tronto
53%
Cuneo31.453Alba
51%
Roma89.141Guidonia Montecelio
51%
Bolzano40.047Merano
50%
Pavia63.505Vigevano
50%
Catanzaro70.891Lamezia Terme
49%
Campobasso33.660Termoli
48%
Bari70.595Altamura
45%
Latina73.934Aprilia
44%
Ragusa63.906Vittoria
43%
Imperia42.154Imperia
42%
Catania52.574Acireale
40%
Sassari44.019Alghero
40%
Brescia28.856Desenzano del Garda
40%
Perugia57.164Foligno
40%
Ancona44.706Senigallia
40%
Trento39.482Rovereto
39%
Foggia58.517Cerignola
37%
Agrigento40.713Sciacca
37%
Alessandria34.246Casale Monferrato
36%
Lodi15.962Codogno
36%
Parma26.826Fidenza
36%
Torino57.530Moncalieri
36%
Livorno34.041Piombino
36%
Firenze50.515Scandicci
36%
Chieti41.283Vasto
36%
Ravenna58.836Faenza
35%
Gorizia27.991Monfalcone
35%
Trapani68.528Trapani
35%
Varese80.694Varese
35%
Palermo55.373Bagheria
34%
Vicenza43.395Bassano del Grappa
34%
Venezia49.650Chioggia
34%
Caltanissetta63.153Caltanissetta
32%
Belluno20.646Feltre
32%
Cosenza40.426Corigliano Calabro
31%
Bergamo29.743Treviglio
30%
Como39.889Cantù
28%
Frosinone36.460Cassino
28%
Pescara54.152Montesilvano
28%
Lecce31.511Nardò
28%
Genova29.778Rapallo
28%
La Spezia22.104Sarzana
28%
Viterbo16.418Civita Castellana
27%
Verbano Cusio Ossola18.261Domodossola
27%
Sud Sardegna26.988Iglesias
27%
Rovigo19.604Adria
26%
L'Aquila42.509Avezzano
26%
Messina41.487Barcellona Pozzo di Gotto
26%
Ferrara35.582Cento
26%
Piacenza15.306Fiorenzuola d'Arda
26%
Potenza17.822Melfi
26%
Treviso34.999Conegliano
25%
Terni20.468Orvieto
25%
Caserta53.040Aversa
24%
Trieste13.124Muggia
24%
Savona24.144Albenga
23%
Monza e della Brianza45.233Lissone
23%
Verona33.185Villafranca di Verona
23%
Salerno53.450Cava de' Tirreni
20%
Reggio Emilia25.694Correggio
20%
Enna21.782Piazza Armerina
20%
Fermo26.270Porto Sant'Elpidio
20%
Isernia11.203Venafro
20%
Mantova23.274Castiglione delle Stiviere
19%
Reggio Calabria19.970Gioia Tauro
19%
Macerata42.209Macerata
19%
Brindisi39.749Fasano
18%
Taranto49.029Martina Franca
18%
Udine16.150Codroipo
17%
Siena29.063Poggibonsi
17%
Aosta4.887Sarre
17%
Avellino22.572Ariano Irpino
16%
Pisa45.361Cascina
16%
Grosseto21.443Follonica
16%
Sondrio12.319Morbegno
16%
Pordenone19.853Sacile
16%
Padova25.869Albignasego
15%
Siracusa36.091Augusta
15%
Lecco14.828Merate
15%
Benevento13.511Montesarchio
12%
Arezzo24.399Montevarchi
12%
Biella14.726Cossato
11%
Novara21.776Borgomanero
10%
Matera17.715Pisticci
10%
Asti10.465Canelli
9%
Teramo25.602Roseto degli Abruzzi
9%
Rieti13.819Fara in Sabina
8%
Crotone17.718Isola di Capo Rizzuto
8%
Prato18.610Montemurlo
8%
Vibo Valentia9.298Pizzo
7%
Pistoia26.267Quarrata
7%
Vercelli12.790Borgosesia
6%
Nuoro11.537Siniscola
5%
Oristano10.259Terralba
5%

Distribuzione punteggi

Percentile per numero di risposta

Percentuale di utenti per punteggio

I tuoi punteggi nel tempo

Non hai fatto questo quiz dall'ultimo reset